লোডিং...
Online Learning:selected Readings
| প্রধান লেখক: | |
|---|---|
| বিন্যাস: | Printed Book |
| প্রকাশিত: |
Vikas Publishing House
2003
|
| বিষয়গুলি: |
| LEADER | 00443nam a2200133 4500 | ||
|---|---|---|---|
| 082 | |a 006.3 | ||
| 100 | |a Mudur, S P | ||
| 245 | |a Online Learning:selected Readings |c S P Mudur |h [Text] | ||
| 260 | |b Vikas Publishing House |c 2003 | ||
| 300 | |a Paper back | ||
| 650 | 0 | |a ARTIFICIAL INTELLIGENCE | |
| 942 | |c BK | ||
| 999 | |c 83433 |d 83433 | ||
| 952 | |0 0 |1 0 |4 0 |6 006_300000000000000 |7 0 |9 75684 |a SOCS |b SOCS |d 2015-06-11 |g 650.00 |l 0 |o 006.3 |p SOCS2762 |r 2015-06-11 |w 2015-06-11 |y BK | ||